logo

Bir Sreshtho Munshi Abdur Rouf Library
Jhenaidah Cadet College

দূরদেশে : (Record no. 4349)

MARC details
000 -LEADER
fixed length control field 00789nam a2200229 a 4500
001 - CONTROL NUMBER
JCCL Control Number 4349
003 - CONTROL NUMBER IDENTIFIER
JCCL marc code BD-JhCC
005 - DATE AND TIME OF LATEST TRANSACTION
control field 20171127105148.0
008 - FIXED-LENGTH DATA ELEMENTS--GENERAL INFORMATION
fixed length control field 171126s19972007bg |||| ||a| 000 0 ben d
020 ## - INTERNATIONAL STANDARD BOOK NUMBER
International Standard Book Number 984410078X
035 ## - SYSTEM CONTROL NUMBER
system control number (BD-JhCC)4349
040 ## - CATALOGING SOURCE
Original cataloging agency BD-JhCC
Modifying agency BD-JhCC
041 ## - LANGUAGE CODE
Language code of Book ben
082 ## - DEWEY DECIMAL CLASSIFICATION NUMBER
Classification number 910.4
Author mark and Year TRI 1997
100 ## - MAIN ENTRY--PERSONAL NAME
Personal name ত্রিপুরা, নব বিক্রম কিশোর
245 ## - TITLE STATEMENT
Title দূরদেশে :
Remainder of title হাইতি মিশনের অভিজ্ঞতা ও অন্যান্য /
Statement of responsibility, etc নব বিক্রম কিশোর ত্রিপুরা
260 ## - PUBLICATION, DISTRIBUTION, ETC. (IMPRINT)
Place of publication, distribution, etc ঢাকা :
Name of publisher, distributor, etc মাওলা ব্রাদার্স,
Date of publication, distribution, etc 1997.
300 ## - PHYSICAL DESCRIPTION
Pagination 196 p. :
Dimensions 22 cm.
650 ## - SUBJECT ADDED ENTRY--TOPICAL TERM
Topical term or geographic name as entry element Travelogve
942 ## - ADDED ENTRY ELEMENTS (KOHA)
Source of classification or shelving scheme Dewey Decimal Classification
Koha item type Books
Holdings
Source of classification or shelving scheme Damaged status Not for loan Home library Current library Shelving location Date of accession Source of acquisition Cost, normal purchase price Total Checkouts Full call number Barcode Date last seen Copy number Koha item type
Dewey Decimal Classification     JCC Rouf Library JCC Rouf Library General Stacks 11/26/2017 Zahedee Foundation 225.00   910.4 TRI 1997 6135 11/26/2017 C-1 Books

JCC Library | Contacts | JCC Home

Last Update on 23 September 2017
Copyright @ 2017-2020 JCC Rouf Library
Rouf Library, Jhenidah Cadet College (JCC), Bangladesh